Normal view
MARC view
- Villanueva- Gutierrez, Ruth
Entry Personal Name
001 - CONTROL NUMBER
- control field: 16514
003 - CONTROL NUMBER IDENTIFIER
- control field: OSt
005 - DATE AND TIME OF LATEST TRANSACTION
- control field: 20161020162232.0
008 - FIXED-LENGTH DATA ELEMENTS
- fixed length control field: 161020|| aca||aabn | a|a d
040 ## - CATALOGING SOURCE
- Original cataloging agency: OSt
100 ## - HEADING--PERSONAL NAME
- Personal name: Villanueva- Gutierrez, Ruth
- Relator term: Editor
